Jadrová elektráreň A1 v kocke /

Gespeichert in:
Bibliographische Detailangaben
Weitere Verfasser: Feik, Karol (Zusammenstellung), Kmošena, Juraj (Zusammenstellung)
Format: Buch
Sprache:Slowakisch
Veröffentlicht: Banská Bystrica : DALI-BB, s.r.o. pre SNUS, 2010
Ausgabe:1. vyd.
Tags: Tag hinzufügen
Keine Tags, Fügen Sie das erste Tag hinzu!

MARC

LEADER 00000nam a22000003a 4500
001 0089990
003 SK-STU
005 20210825094339.9
007 ta
008 210825s ----xo-----e------000-0-----d
020 |a 978-80-89090-76-1 
040 |a STU  |b slo 
041 0 |a slo 
044 |a xo 
080 |a 53.28 
100 1 |a Feik, Karol  |4 com  |r Z5 
245 1 0 |a Jadrová elektráreň A1 v kocke /  |c zost. Karol Feik ; zost. Juraj Kmošena 
250 |a 1. vyd. 
260 |a Banská Bystrica :  |b DALI-BB, s.r.o. pre SNUS,  |c 2010 
300 |a 323 s., príl. 
700 1 |a Kmošena, Juraj  |4 com 
996 |b 284EK90277  |c E* 90277  |l EE36  |s P  |a 0  |w 0089990_0001